000 01006nam a22003017a 4500
001 BR0404480
003 BR-BrBNA
005 20230928101725.0
007 ta
008 230509b bl.||||| |||| 00| 0 por d
040 _aBR-BrBNA
_bpor
_cBiblioteca Nacional de Agricultura
041 _a(Por)
072 _aK10; F70; P10
090 _ K10 BR0404480
100 1 _aFagundes, L.M.
110 1 _aUniversidade Federal de Lavras, MG (Brasil)
_0Tese (Mestrado)
245 1 _aCaracterização florística e estrutural do componente arbóreo de dois fragmentos de florestas ciliares na Região do Médio Rio Grande, em Alpinópolis e Passos, MG
260 3 _aLavras, MG (Brasil):
_c2003.
300 _a87 p.
500 _aSummaries (Eng, Por); Bibliography p. 74-84; 13 illus.; 10 tables
650 _aMATA CILIAR
650 _aECOLOGIA FLORESTAL
650 _aPOVOAMENTO FLORESTAL
650 _aFLORESTA NATIVA
650 _aMINAS GERAIS
909 _a202309
_bLucia
_c55
_dLucia Elande
942 _cBK
999 _c67260
_d67260